Považie

Zobrazenie: Pohľad zdiaľky, z kopca na časť mesta v údolí medzi stromami, vpravo medzi stromami Kúpeľný dom Hammam. V pravom dolnom rohu sú dve budovy. V ľavom dolnom rohu sú konáre listnatého stromu. V diaľke sú zalesnené kopce

Bibliographic Details
Format: Postcard
Language:Slovak
PhysicalDescription:1 pohľadnica tónovaná do hneda 9 x 14 cm
Published: V Trenčíne Leopold Gansel [1922?]
Subjects:

MARC

LEADER 00000nkm a2200000 a 4500
001 vtls012023553
003 SK-MaSNL
005 20260512125014.0
007 kp ao
008 231121q1922 xo g kuslo
015 |a SNBG1922 
035 |a urn:nbn:sk:snk-km00gie5 
035 |a B3931B78-5ADE-47EA-B4A5-E0DF5F7A4417 
040 |a SNK  |b slo  |c SNK  |e AACR2 
041 0 |a slo 
043 |a e-xo--- 
044 |a xo  |c SK 
072 7 |a 913  |x Regionálna geografia  |2 konspekt 
080 |a 913(437.6)  |2 2011 
080 |a 728.84  |2 2011 
080 |a 711.455:615.838  |2 2011 
080 |a (084.121)  |2 2011 
080 |a 728.37  |2 2011 
080 |a 725.1:615.838  |2 2011 
080 |a 614.2:[725.1:614.21]  |2 2011 
245 0 0 |a Považie  |h grafika Trenčianské Teplice 
260 |a V Trenčíne  |b Leopold Gansel  |c [1922?] 
300 |a 1 pohľadnica  |b tónovaná do hneda  |c 9 x 14 cm 
500 |a Číslo záberu 27 
520 8 |a Zobrazenie: Pohľad zdiaľky, z kopca na časť mesta v údolí medzi stromami, vpravo medzi stromami Kúpeľný dom Hammam. V pravom dolnom rohu sú dve budovy. V ľavom dolnom rohu sú konáre listnatého stromu. V diaľke sú zalesnené kopce 
650 0 7 |a vily  |2 SNKPH 
650 0 7 |a kúpele  |2 SNKPH  |9 1139 
650 0 7 |a kúpeľné budovy  |2 SNKPH  |9 102104 
650 0 7 |a liečebne  |2 SNKPH  |9 56920 
651 7 |a Trenčianske Teplice (Slovensko)  |2 SNKPHgeo  |9 14503 
655 7 |a miestne pohľadnice  |2 SNKPH  |9 70510 
752 |a Slovensko  |d Trenčín 
852 |a Slovenská národná knižnica 
958 |a GBN 
958 |a GC 
958 |a OND 
958 |a EUIPO 
999 |c 992138  |d 994068 
952 |a SNK  |b SNK  |y PREZ  |7 0  |p 17A1292244  |o snkSP 60090  |z Pohľadnica prešla poštou.  |0 0  |1 0  |4 0  |d 2021-04-16  |f 1  |l 0  |r 2026-02-24 11:53:01  |w 2026-02-24